| 000 | 00762cam a2200241 a 4500 | ||
|---|---|---|---|
| 001 | 14187118 | ||
| 005 | 20180215034946.0 | ||
| 008 | 051202s2006 inu d 000 0 eng | ||
| 010 | _a 2005938171 | ||
| 020 | _a9780471748366 (pbk. : alk. paper) | ||
| 020 | _a0471748366 (pbk. : alk. paper) | ||
| 040 |
_aDLC _cDLC _dDLC |
||
| 041 | 0 |
_aeng _aspa |
|
| 080 | _a463..21 har | ||
| 082 | 0 | 0 |
_a463..21 har _222 |
| 100 | _a23 | ||
| 101 | _agju | ||
| 245 | 0 | 0 |
_aWebster's New World concise Spanish dictionary / _c[Chambers Harrap, Ltd.]. |
| 246 | 1 | 8 | _aConcise Spanish dictionary |
| 906 |
_a7 _bcbc _corignew _d2 _eepcn _f20 _gy-gencatlg |
||
| 942 |
_2ddc _cBK |
||
| 999 |
_c42586 _d42586 |
||